000 00908cam a22002411a 4500
003 SA-RiAUC
005 20150408113826.0
008 100731s1999 ua g 00010 ara c
040 _bara
_cmb
082 0 4 _a243
_221
100 1 _aالأشقر، عمر سليمان عبد الله،
_d1940-
_9213
245 1 0 _aعالم الجن والشياطين /
_cعمر سليمان الأشقر.
250 _aط. 15.
260 _aعمان
_bدار النفائس
_c2004
300 _a223 ص
_c24 سم
440 _aالعقيدة في ضوء الكتاب والسنة
_v2
_9216
490 1 _aالعقيدة في ضوء الكتاب والسنة ؛
_v3
650 7 _aالملائكة
_2aucsh
_9214
650 7 _aالشياطين والجان
_2aucsh
_9116
650 7 _aالسمعيات (علم كلام)
_2aucsh
_9215
830 2 _aالعقيدة في ضوء الكتاب والسنة
_v3
_9352
942 _2ddc
_cBOOK
999 _c7745
_d242245